Rumah pintar

Bibliographic Details
Main Author: Mohd Ali Atan
Corporate Author: Title
Format: Book
Published: Selangor : Sama Publications & Distributor , 2004
Series:Teknologi maklumat dan komunikasi (ICT)
Subjects:

MARC

LEADER 00000cam a2200000 7i4500
001 0000005787
005 20151222.0
008 070809
020 |a 9679389480 
090 0 0 |a JF   |b SC MAL (6204) 
100 0 |a Mohd Ali Atan 
245 1 0 |a Rumah pintar   |c Mohd Ali Atan 
260 |a Selangor :   |b Sama Publications & Distributor ,   |c 2004 
440 0 |a Teknologi maklumat dan komunikasi (ICT) 
500 |a Children ages 7-9 years old (orange) 
650 0 |a Junior fiction   |x Malay   |x Languages 
710 0 |a Title 
999 |a 0000876591   |b Book   |c Children Collection   |e Cawangan Segamat 
999 |a 0000918720   |b Book   |c Children Collection   |e Cawangan Bukit Gambir 
999 |a 0000918721   |b Book   |c Children Collection   |e Cawangan Bukit Gambir 
999 |a 0000918722   |b Book   |c Children Collection   |e Cawangan Bukit Gambir 
999 |a 0000929777   |b Book   |c Children Collection   |e Cawangan Tangkak 
999 |a 0000929778   |b Book   |c Children Collection   |e Cawangan Tangkak 
999 |a 0000929779   |b Book   |c Children Collection   |e Cawangan Tangkak 
999 |a 0000978117   |b Book   |c Children Collection   |e Perbadanan Perpustakaan Awam Johor 
999 |a 0000978118   |b Book   |c Children Collection   |e Perbadanan Perpustakaan Awam Johor 
999 |a 0000978119   |b Book   |c Children Collection   |e Perbadanan Perpustakaan Awam Johor 
999 |a 0000978120   |b Book   |c Children Collection   |e Perbadanan Perpustakaan Awam Johor 
999 |a 0000978121   |b Book   |c Children Collection   |e Perbadanan Perpustakaan Awam Johor